00648nam a22001937a 450000500170000001000160001702000260003303500130005903700130007208200110008510000570009624501220015326000320027527000560030730000640036365000090042765000060043665000120044220231115121051.0 aHIN-125657  c470.00a9789355323545 aHN-98003 bDBAD/PUB a954.21 a तिवारी , धर्मेन्द्र aतथ्यात्मक मध्य प्रदेश 2023/cधर्मेन्द्र तिवारी bMcGraw Hillc2023 aChennai a5/90 A Butt Road st. Thomas Mount bChennaie600016 a400 पृ. approx.c24 सेमी(अजिल्द )  x z  v  aFiction